Kapitalochlonnosc produkcji w budownictwie polskim

Salvato in:
Dettagli Bibliografici
Autore principale: Mysinski, Aleksander
Natura: Libro
Lingua:polacco
Pubblicazione: Krakow Akademia Ekonomiczna w Krakowie 1980
Serie:Zeszyty naukowe nr. 47
Tags: Aggiungi Tag
Nessun Tag, puoi essere il primo ad aggiungerne!!

MARC

LEADER 00000nam a2200000 4500
001 c142790
005 20250630080139.8
041 0 |a pol 
044 |a PL 
245 1 0 |a Kapitalochlonnosc produkcji w budownictwie polskim  |c Aleksander Mysinski 
264 1 |a Krakow  |b Akademia Ekonomiczna w Krakowie  |c 1980 
300 |a 283 s. 
490 1 |a Zeszyty naukowe  |v nr. 47 
830 0 |a Zeszyty naukowe  |v nr. 47 
100 1 |a Mysinski, Aleksander